Ideology and international relations in the modern world
Saved in:
| Hovedforfatter: | |
|---|---|
| Format: | Bog |
| Sprog: | engelsk |
| Udgivet: |
Londres
Routledge
1996
|
| Serier: | <The >New International History Series
|
| Fag: | |
| Tags: |
Tilføj Tag
Ingen Tags, Vær først til at tagge denne postø!
|
MARC
| LEADER | 00000nam a2200000 a 4500 | ||
|---|---|---|---|
| 001 | UCT8280 | ||
| 003 | CL-VaPUC | ||
| 008 | 970326e19960000UK |||||||||||||||||eng|d | ||
| 082 | 0 | 4 | |a 327.101 |b CAS |2 21 |
| 100 | 0 | |a Cassels, Alan |e author |9 379921 | |
| 245 | 1 | 0 | |a Ideology and international relations in the modern world |
| 300 | |a 302 p | ||
| 942 | |c BK | ||
| 945 | |d 19970326 00:00:00 |a nastorga | ||
| 260 | |a Londres |b Routledge |c 1996 | ||
| 650 | 0 | |a Relaciones Internacionales |9 255740 | |
| 650 | 0 | |a Historia |9 255047 | |
| 650 | 0 | |a Ideologías |9 255200 | |
| 650 | 0 | |a Revolución francesa |9 324244 | |
| 650 | 7 | |a CONSERVADORES |2 CL-VaPUC |9 336864 | |
| 650 | 0 | |a Democracia |9 255256 | |
| 650 | 0 | |a Guerra |9 255876 | |
| 650 | 0 | |a Política internacional |9 255813 | |
| 583 | |a last modification |c 19970326 00:00:00 |k Rodrigo Vera | ||
| 490 | 0 | |a <The >New International History Series | |
| 999 | |c 256793 |d 256791 | ||
| 952 | |0 0 |1 0 |4 0 |6 327_101000000000000_CAS_1996 |7 0 |8 A |9 279770 |a BIBHIS |b BIBHIS |d 2019-11-19 |i 3293432 |o 327.101 CAS 1996 |p 3293432 |r 2025-01-20 |w 2019-11-19 |y BK |k HIS | ||
| 952 | |0 0 |1 0 |4 0 |6 327_101000000000000_CAS_1996 |7 0 |8 A |9 279771 |a BIBHIS |b BIBHIS |d 2019-11-19 |i 350641K |o 327.101 CAS 1996 |p 350641K |r 2025-01-20 |w 2019-11-19 |y BK |k HIS | ||
| 952 | |0 0 |1 0 |4 0 |6 327_101000000000000_CAS_1996 |7 0 |8 A |9 279772 |a BIBHIS |b BIBHIS |d 2019-11-19 |i 374373K |o 327.101 CAS 1996 |p 374373K |r 2025-01-20 |w 2019-11-19 |y BK |k HIS | ||